00835 2200301 4500001002100000005001500021035002000036007000300056040001700059100003300076245007500109250001200184300002900196020001800225041000800243082001000251084001600261090002200277264003900299336002100338337003000359338002300389650001800412850001000430008004100440990002600481990002600507INLIS00000000000683920260409084134 a0010-0622000174ta aSBPUPADbind0 aSatyagraha HoeripePengarang1 aBisma Dewabrata :bKsatria Pendita dari Mahabrata /cSatyagraha Hoerip a.-cet.2 a10 hlm. :bilus. ;c21cm a979-407-787-90 aind a398.2 a398.2 SAT b a398.2 SAT b L9-R3 a.--Jakarta :bBalai Pustaka,c1999 2rdacontentaTeks 2rdamediaaTanpa Perantara 2rdacarrieravolume 4aCerita Rakyat aPUPAD260409 1  a1702/H/Arpus-PDG/2007 a1701/H/Arpus-PDG/2007